[Event "IND-chT 40th"]
[Site "Ahmedabad"]
[Date "2020.02.08"]
[Round "2.6"]
[White "Das, Arghyadip"]
[Black "Abhay, Bandewar"]
[Result "1-0"]
[WhiteElo "2458"]
[BlackElo "1684"]
[PlyCount "91"]
[EventDate "2020.02.07"]
[EventType "team-swiss"]
[EventRounds "9"]
[EventCountry "IND"]
[SourceTitle "CBM 194 Extra"]
[Source "ChessBase"]
[SourceDate "2020.03.31"]
[SourceVersion "1"]
[SourceVersionDate "2020.03.31"]
[SourceQuality "1"]
[WhiteTeam "Railways SPB II"]
[BlackTeam "Madhya Pradesh"]
[WhiteTeamCountry "IND"]
[BlackTeamCountry "IND"]

1. e4 c5 2. Nf3 d6 3. d4 cxd4 4. Nxd4 Nf6 5. f3 e5 6. Nb3 d5 7. Bg5 Be6 8. Bxf6 gxf6 9. exd5 Qxd5 10. Qxd5 Bxd5 11. Nc3 Bc6 12. 0-0-0 Nd7 13. Nb5 Bxb5 14. Bxb5 0-0-0 15. Bc4 Nc5 16. Rxd8+ Kxd8 17. Bxf7 Nxb3+ 18. Bxb3 Bh6+ 19. Kb1 Kc7 20. Bc4 Bd2 21. Be6 h6 22. a3 Rd8 23. Bf5 Be3 24. Re1 Bf2 25. Re2 Bg1 26. h4 Bh2 27. Bd3 Bg3 28. h5 Rd4 29. Ka2 Rh4 30. Bg6 Rd4 31. Be4 Rd1 32. Re3 Rd6 33. Rb3 b6 34. Rc3+ Kb8 35. Bf5 Bf2 36. Rc8+ Kb7 37. Rh8 Be3 38. Rh7+ Kb8 39. Be4 a5 40. Kb3 Kc8 41. Ka4 Kd8 42. Kb5 Rd7 43. Rh8+ Kc7 44. Rf8 Bg5 45. b4 axb4 46. axb4 1-0

[Event "Udaipur Lakecity op 1st"]
[Site "Udaipur"]
[Date "2019.09.13"]
[Round "2"]
[White "Abhay, Bandewar"]
[Black "Siddharth, Jagadeesh"]
[Result "1/2-1/2"]
[WhiteElo "1815"]
[BlackElo "2362"]
[PlyCount "94"]
[EventDate "2019.09.13"]
[EventType "swiss"]
[EventRounds "10"]
[EventCountry "IND"]
[SourceTitle "EXT 2020"]
[Source "ChessBase"]
[SourceDate "2019.10.17"]
[SourceVersion "1"]
[SourceVersionDate "2019.10.17"]
[SourceQuality "1"]

1. d4 Nf6 2. c4 e6 3. Nf3 d5 4. Nc3 Be7 5. Bf4 0-0 6. e3 b6 7. Rc1 Bb7 8. cxd5 Nxd5 9. Nxd5 Qxd5 10. a3 c6 11. Bd3 Qd8 12. 0-0 Nd7 13. Qe2 a6 14. Rfd1 b5 15. Ne5 Rc8 16. Be4 Nxe5 17. Bxe5 f5 18. Bf3 Qb6 19. b4 a5 20. Qb2 axb4 21. axb4 Ra8 22. Qb3 Kf7 23. e4 fxe4 24. Bxe4 Bf6 25. Bxh7 Ke7 26. Qg3 Rh8 27. Bc7 Qa7 28. Bg6 Rhd8 29. Bxd8+ Rxd8 30. Be4 Qb6 31. Rd3 Rd6 32. h4 Qd8 33. Rcd1 Qh8 34. Qg6 Qxh4 35. Bf3 Rd8 36. Bh5 Rf8 37. Re1 Qf4 38. Qg4 Qd6 39. Qe4 Bc8 40. d5 cxd5 41. Rxd5 Qb6 42. Rc5 Bb7 43. Qe2 Bd4 44. Rxb5 Rxf2 45. Qxe6+ Qxe6 46. Rxb7+ Kf6 47. Rxe6+ Kxe6 1/2-1/2

[Event "Bhubaneswar op 12th"]
[Site "Bhubaneswar"]
[Date "2019.05.31"]
[Round "1"]
[White "Malakhatko, Vadim"]
[Black "Abhay, Bandewar"]
[Result "1-0"]
[WhiteElo "2512"]
[BlackElo "1818"]
[PlyCount "109"]
[EventDate "2019.05.31"]
[EventType "swiss"]
[EventRounds "10"]
[EventCountry "IND"]
[SourceTitle "CBM 190 Extra"]
[Source "ChessBase"]
[SourceDate "2019.07.15"]
[SourceVersion "1"]
[SourceVersionDate "2019.07.15"]
[SourceQuality "1"]

1. Nf3 d5 2. c4 c6 3. e3 Nf6 4. Nc3 Nbd7 5. d4 e6 6. Bd3 dxc4 7. Bxc4 b5 8. Bd3 a6 9. a4 b4 10. Ne4 Bb7 11. Nxf6+ Nxf6 12. Qe2 c5 13. dxc5 Bxc5 14. e4 h6 15. Bf4 0-0 16. h3 Qb6 17. a5 Qa7 18. 0-0 Rfd8 19. Nd2 Rd7 20. Nb3 Bd4 21. Nxd4 Qxd4 22. Rfd1 Qc5 23. Be3 Qe5 24. f3 Rd6 25. Rdc1 Rad8 26. Rc5 Qg3 27. Bc2 Rc8 28. Rxc8+ Bxc8 29. Qc4 Bd7 30. Qxb4 Bb5 31. Qe1 Qe5 32. Qc3 Qxc3 33. bxc3 Rc6 34. Bd4 Nd7 35. e5 Nc5 36. Rb1 Rc8 37. Kf2 Na4 38. Rb3 Nc5 39. Ra3 Kf8 40. Ke3 Ke7 41. f4 Kd7 42. Ra1 Kc6 43. Rb1 Kd7 44. g4 Nb7 45. Ra1 Nc5 46. f5 Bc4 47. Rb1 Bb5 48. h4 Nb7 49. Ra1 Nc5 50. h5 Ke8 51. Ra2 Ke7 52. Rb2 Nb7 53. Bd3 Nxa5 54. Bxb5 Rb8 55. Bc5+ 1-0